Doges of Venice - Statistics

General Stats
  • This quiz has been taken 73 times
  • The average score is 19 of 120
Answer Stats
Reign Answer % Correct
1192-1205 Enrico Dandolo
63%
1342-1354 Andrea Dandolo
43%
1328-1339 Francesco Dandolo
43%
1280-1289 Giovanni Dandolo
43%
1423-1457 Francesco Foscari
33%
1789-1797 Ludovico Manin
33%
991-1008 Pietro II Orseolo
30%
976-978 Pietro I Orseolo
30%
1763-1778 Alvise Giovanni Mocenigo
27%
1700-1709 Alvise II Mocenigo
27%
1570-1577 Alvise I Mocenigo
27%
1462-1471 Cristoforo Moro
27%
1478-1485 Giovanni Mocenigo
27%
1474-1476 Pietro Mocenigo
27%
1722-1732 Sebastiano Mocenigo
27%
1413-1423 Tommaso Mocenigo
27%
1486-1501 Agostino Barbarigo
23%
1676-1684 Alvise Contarini
23%
1368-1382 Andrea Contarini
23%
1382-1400 Antonio Venier
23%
1655-1656 Carlo Contarini
23%
1043-1071 Domenico I Contarini
23%
1659-1675 Domenico II Contarini
23%
1148-1156 Domenico Morosini
23%
1623-1624 Francesco Contarini
23%
1688-1694 Francesco Morosini
23%
1554-1556 Francesco Venier
23%
1275-1280 Jacopo Contarini
23%
1485-1486 Marco Barbarigo
23%
1249-1253 Marino Morosini
23%
1382 Michele Morosini
23%
1629-1631 Nicolo Contarini
23%
726-737 Orso Ipato
23%
1008-1026 Otto Orseolo
23%
697-717 Paolo Lucio Anafesto
23%
1577-1578 Sebastiano Venier
23%
742-755 Teodato Ipato
23%
811-827 Agnello Participazio
20%
1656 Francesco Cornaro
20%
1624-1629 Giovanni I Cornaro
20%
1709-1722 Giovanni II Cornaro
20%
881-887 Giovanni II Participazio
20%
829-836 Giovanni I Participazio
20%
827-829 Giustiniano Participazio
20%
1365-1368 Marco Cornaro
20%
1762-1763 Marco Foscarini
20%
912-932 Orso II Participazio
20%
864-881 Orso I Participazio
20%
887 Pietro I Candiano
20%
932-939 Pietro II Candiano
20%
942-959 Pietro III Candiano
20%
959-976 Pietro IV Candiano
20%
939-942 Pietro Participazio
20%
1521-1523 Antonio Grimani
17%
1752-1762 Francesco Loredan
17%
1501-1521 Leonardo Loredan
17%
1595-1605 Marino Grimani
17%
1741-1752 Pietro Grimani
17%
1567-1570 Pietro Loredan
17%
836-864 Pietro Tradonico
17%
978-979 Vitale Candiano
17%
1523-1538 Andrea Gritti
13%
1656-1658 Bertuccio Valier
13%
1117-1130 Domenico Michiel
13%
1545-1553 Francesco Donato
13%
1354-1355 Marino Faliero
13%
1102-1117 Ordelafo Faliero
13%
1778-1789 Paolo Renier
13%
1694-1700 Silvestro Valier
13%
1084-1095 Vitale Faliero
13%
1156-1172 Vitale II Michiel
13%
1095-1102 Vitale I Michiel
13%
1071-1084 Domenico Selvo
10%
787-804 Giovanni Galbaio
10%
1605-1612 Leonardo Donato
10%
1553-1554 Marcantonio Trivisan
10%
764-787 Maurizio Galbaio
10%
1578-1585 Nicolo da Ponte
10%
1618 Nicolo Donato
10%
1585-1595 Pasquale Cicogna
10%
1457-1462 Pasquale Malipiero
10%
1205-1229 Pietro Ziani
10%
1253-1268 Reniero Zeno
10%
1735-1741 Alvise Pisani
7%
1476-1478 Andrea Vendramin
7%
1618-1623 Antonio Priuli
7%
1339-1342 Bartolomeo Gradenigo
7%
1732-1735 Carlo Ruzzini
7%
756-764 Domenico Monegario
7%
1631-1646 Francesco Erizzo
7%
1615-1618 Giovanni Bembo
7%
1356-1361 Giovanni Dolfin
7%
1355-1356 Giovanni Gradenigo
7%
1658-1659 Giovanni Pesaro
7%
1229-1249 Jacobo Tiepolo
7%
1268-1275 Lorenzo Tiepolo
7%
1612-1615 Marcantonio Memmo
7%
717-226 Marcello Tegalliano
7%
1311-1312 Marino Zorzi
7%
1473-1474 Nicolo Marcello
7%
1675-1676 Nicolo Sagredo
7%
1471-1473 Nicolo Tron
7%
804-811 Obelerio degli Antenori
7%
1289-1311 Pietro Gradenigo
7%
1130-1148 Pietro Polani
7%
1172-1178 Sebastino Ziano
7%
979-991 Tribuno Memmo
7%
1032-1043 Domenico Flabanico
3%
1559-1567 Girolamo Priuli
3%
1556-1559 Lorenzo Priuli
3%
1684-1688 Marcantonio Giustinian
3%
1400-1413 Michele Steno
3%
1178-1192 Orio Mastropiero
3%
1026-1032 Pietro Barbolano
3%
887-912 Pietro Tribuno
3%
1646-1655 Francesco Molin
0%
755-756 Galla Gaulo
0%
1312-1328 Giovanni Soranzo
0%
1361-1365 Lorenzo Celsi
0%
1538-1545 Pietro Landro
0%
No matching quizzes found
Score Distribution
Percent of People with Each Score
Percentile by Number Answered
Your Score History
You have not taken this quiz